000 01777cam a22003738i 4500
001 22917339
005 20241021151952.0
008 230104s2024 nju b 001 0 eng
010 _a 2023000040
020 _a9780138091675
_q(hardcover)
020 _a0138091676
_q(hardcover)
040 _aDLC
_beng
_erda
_cDLC
042 _apcc
050 0 0 _aQA76.9.A25
_bS685 2024
082 0 0 _a280 SCB
100 1 _aStallings, William,
_eauthor.
245 1 0 _aComputer security :
_bprinciples and practice /
_cWilliam Stallings, Lawrie Brown, UNSW Canberra at the Australian Defence Force Academy.
250 _aFifth edition.
263 _a2304
264 1 _aHoboken, NJ :
_bPearson Education, Inc.,
_c[2024]
300 _apages cm
336 _atext
_btxt
_2rdacontent
337 _aunmediated
_bn
_2rdamedia
338 _avolume
_bnc
_2rdacarrier
504 _aIncludes bibliographical references and index.
520 _a"Since the fourth edition of this book was published, the field has seen continued innovations and improvements. In this new edition, we try to capture these changes while maintaining a broad and comprehensive coverage of the entire field. There have been a number of refinements to improve pedagogy and user-friendliness, updated references, and mention of recent security incidents, along with a number of more substantive changes throughout the book"--
_cProvided by publisher.
650 0 _aComputer security.
_9570
650 0 _aComputer networks
_xSecurity measures.
_9466
700 1 _aBrown, Lawrie,
_eauthor.
_994106
856 _uhttp://10.250.8.41:8080/xmlui/handle/123456789/47249
906 _a7
_bcbc
_corignew
_d1
_eecip
_f20
_gy-gencatlg
942 _2ddc
_cBK
999 _c612104
_d612104